Εισαγωγή στο DOS 5
Αποθηκεύτηκε σε:
| Κύριος συγγραφέας: | |
|---|---|
| Μορφή: | Βιβλίο |
| Γλώσσα: | Greek |
| Δημοσίευση: |
Γκιούρδας,
|
| Ετικέτες: |
Προσθήκη ετικέτας
Δεν υπάρχουν, Καταχωρήστε ετικέτα πρώτοι!
|
MARC
| LEADER | 00000cam a2200000 i 4500 | ||
|---|---|---|---|
| 001 | 1/52703 | ||
| 008 | 941103s gre d | ||
| 035 | |l 10044497 | ||
| 040 | |a GR-MY-UA |b gre |e aacr | ||
| 041 | 0 | |a gre | |
| 100 | 1 | |a Miller, Alan R., |d 1932- | |
| 245 | 1 | 0 | |a Εισαγωγή στο DOS 5 |
| 260 | |b Γκιούρδας, | ||
| 852 | |a INST |b SAMOS |e 19941103 |h 005.43 MIL |p 005300014167 |q 005300014167 |t BK |y 12 | ||
| 909 | |a Σ |b 030126 | ||